Statistics for The 1975 - About You Lyrics

Click here to take the quiz!

General Stats

  • This quiz has been taken 35 times
  • The average score is 194 of 218

Answer Stats

Answer% Correct
a
100%
about
100%
About
100%
And
100%
and
100%
I
100%
in
100%
know
100%
remember
100%
think
100%
to
100%
You
100%
you?
100%
you
100%
do
96%
Do
96%
forgotten
96%
forgotten?
96%
on
96%
place
96%
(so
96%
that
96%
the
96%
have
92%
heart
92%
It's
92%
miss
92%
my
92%
something
92%
Something
92%
surrender
92%
train
92%
what
92%
when
92%
can't
88%
face
88%
go)
88%
go
88%
morning
88%
need
88%
never
88%
now
88%
your
88%
damn
85%
made
85%
same
85%
thing
85%
we
85%
We
85%
heads
81%
married
81%
our
81%
There
81%
bout
77%
get
77%
somewhere
73%
don't
69%
(Don't
69%
(don't
69%
was
69%
recall
65%
try
65%
end
62%
how
62%
let
62%
met
62%
while
62%
alive
58%
look
58%
were
58%
back
54%
eyes
54%
just
54%
lay
54%
pretend
54%
way
54%
we'll
54%
find
50%
Wait
50%
With
50%
could
46%
Hold
46%
hope
46%
nothing
46%

Score Distribution

Percentile by Number Answered

Percent of People with Each Score

Your Score History

You have not taken this quiz